| 000 | 00835nam a2200181 a 4500 | ||
|---|---|---|---|
| 008 | 121022s1998 ||||||||||||||||| || u | ||
| 050 | _aPAPERS/STAFF/SIZIYA | ||
| 100 | _aSiziya, Seter | ||
| 245 | 1 | 0 |
_aHuman immunodeficiency virus type one in psychiatric inpatients: a study in Zimbabwe _cby Seter Siziya; [and others] |
| 260 |
_aLusaka: _bUniversity of Zambia, School of Medicine _c1998 |
||
| 300 | _ap. 53 - p. 55: ill. | ||
| 490 | _aCentral African Journal of Medicine | ||
| 490 | _vVol. 44, No. 3 | ||
| 500 | _aBibliography | ||
| 650 | _aHUMAN IMMUNODEFICIENCY VIRUS--TYPE ONE--ZIMBABWE | ||
| 650 | _aHIV1--PSYCHIATRIC INPATIENTS--ZIMBABWE | ||
| 995 |
_aSPECIAL COLLECTIONS _e275 _FCBU-SCHOOL OF MEDICINE LIBRARY (Ndola) _jPAPERS/STAFF/SIZIYA _M1 _UAVAILABLE _WNov 23, 2012 _XCopperbelt University (Staff) _yB275 _ZZambiana Collection |
||
| 999 |
_c31731 _d31731 |
||